000 00531 a2200181 4500
001 75401
005 20260123141518.0
010 _a978-972-20-6750-8
090 _a75401
100 _a20260123d2020 d||y0pory50 ba
200 _aGravity Falls - Guia do Dipper e da Mabel para mistřios e diversô sem fim
_fDisney
_gtrad. Rita Furtado
205 _a5®ed
210 _aAlfragide
_cDom Quixote
_d2020
215 _a160p.
675 _a82
_v5®ed
700 _aDisney
_bWalt
_f1901-1966
702 _aFurtado
_bRita
_4730
_921039
942 _cMON
_n0